| 000 | 00391 a2200145 4500 | ||
|---|---|---|---|
| 001 | 162778 | ||
| 020 | _a | ||
| 040 | _cMagnum | ||
| 100 | _aAssociacao Dos Amigos do Hospital Mario Penna | ||
| 240 | 1 | 0 |
_aRevista comemorativa - 100 anos de belo horizonte _lpor |
| 245 | 1 | 0 | _aRevista comemorativa - 100 anos de belo horizonte |
| 362 | 0 | _a1899 | |
| 697 | _aORGANIZACAO SOCIAL | ||
| 942 | _cBK | ||
| 999 |
_c162778 _d162778 |
||